Les principaux personnages des Misérables - Statistiques

Statistiques générales
  • Ce quiz a été pris 178 fois
  • Le résultat moyen est 8 sur 16
Statistiques - réponses
indice Personnage % Correct
l'auteur du roman Victor Hugo
97%
le bagnard Jean Valjean
96%
la fillette maltraitée Cosette
94%
l'inspecteur de police Javert
85%
Le titi parisien qui est tombé par terre, c'est la faute à Voltaire Gavroche
80%
la mère de la fillette Fantine
77%
les aubergistes de Montfermeil Thénardier
70%
Pontmercy est son nom - étudiant amoureux de la fillette Marius
64%
la fille ainée des aubergistes Eponine
41%
le nom d'emprunt du bagnard devenu maire de Montreuil sur Mer Madeleine
39%
la fille cadette des aubergistes Azelma
27%
Membre de la bande Patron Minette - porte le nom d'une gare parisienne Montparnasse
23%
révolutionnaire républicain, tué sur les barricades Enjolras
22%
le bagnard lui sauva la vie Fauchelevent
17%
grand-père du jeune Pontmercy Gillenormand
6%
évêque de Digne qui a donné les chandeliers au bagnard Bienvenu Myriel
3%
Aucun quiz correspondant
Distribution des résultats
% des personnes avec chaque résultat
Percentile par nombre de réponses
Votre historique - résultats
Vous n’avez pas pris ce quiz